Islamské bankovníctvo v Malajzii

Vznik a rozvoj islamských financií v Malajzii. Islamské inštitúcie a bankovníctvo v Malajzii. Podmienky rozvoja islamského bankovníctva v Malajzii.

Gespeichert in:
Bibliographische Detailangaben
1. Verfasser: Lipková, Ľudmila
Format: Buchkapitel
Sprache:Slowakisch
Schlagworte:
Tags: Tag hinzufügen
Keine Tags, Fügen Sie das erste Tag hinzu!

MARC

LEADER 00000naa$a2200000$$$4500
001 0271111
005 20240502074246.8
041 0 |a slo 
044 |a SK 
245 1 0 |a Islamské bankovníctvo v Malajzii  |c Ľudmila Lipková 
520 |a Vznik a rozvoj islamských financií v Malajzii. Islamské inštitúcie a bankovníctvo v Malajzii. Podmienky rozvoja islamského bankovníctva v Malajzii. 
610 2 0 |a islam 
610 2 0 |a história 
610 2 0 |a bankovníctvo 
610 2 0 |a náboženstvo 
610 2 0 |a Malajzia 
100 1 |a Lipková, Ľudmila